| 000 | 00000nam 2200000za 4500 |
| 001 | 9.601654 |
| 003 | CaOODSP |
| 005 | 20230503113023 |
| 007 | cr ||||||||||| |
| 008 | 150406|2007||||xxc|||||o f|0| 0 fre d |
| 040 | |aCaOODSP|bfre |
| 043 | |an-cn--- |
| 086 | 1 |aYC24-0/392-5F-PDF |
| 110 | 1 |aCanada. |bParlement. |bSénat. |bComité sénatorial permanent des affaires juridiques et constitutionnelles. |
| 245 | 10|aPrendre au sérieux les droits confirmés à l'article 35 : |h[ressource électronique]|bdispositions de non-dérogation visant les droits ancestraux et issus de traités |
| 246 | 3 |aRapport final du Comité sénatorial permanent des affaires juridiques et constitutionnelles |
| 260 | |aOttawa - Ontario : |bSénat. |cDécembre 2007. |
| 300 | |a50p.|bréférences |
| 490 | 1 |aRapport du Comité sénatorial permanent des Affaires juridiques et constitutionnelles|v[39e législature, 2e session, 5e rapport] |
| 590 | |a11-12-Supp|b2011-07-29 |
| 775 | 08|tTaking section 35 rights seriously : |w(CaOODSP)9.571011 |
| 830 | #0|aRapport du Comité sénatorial permanent des affaires juridiques et constitutionnelles ;|v[39e législature, 2e session, 5e rapport]|w(CaOODSP)9.502806 |
| 856 | 40|ahttp://publications.gc.ca|qPDF|s172 Ko|uhttps://publications.gc.ca/collections/collection_2011/sen/yc24-0/YC24-0-392-5-fra.pdf|y[39e législature, 2e session, 5e rapport] |